000 00630nam a2200217 a 4500
005 20140310183536.0
008 110819s19uu xx 00 eng d
020 _a1422119017
050 _aHD 57.7
_b.Ul444 2008
100 _aUlrich, Dave
245 _aThe leadership code :
_bFive rules to lead by /
_cDave Ulrich; Norm Smallwood; Kate Sweetman.
260 _aBoston, Massachusetts :
_bHarvard Business Press,
_c2008.
300 _a190 p. :
_c20 cm.
521 _aBSBA
650 _aLeadership
700 _aSmallwood, Norm
700 _aSweetman, Kate
942 _cBK
_2lcc
_kFOR
999 _c24729
_d24729